Knosys para Windows : base de datos documental = text database base de datos documental = text database
Descripción Física:
2 v. ; 23 cm
Otros Autores:
Micronet
MARC
| LEADER | 00000nam a2200000Ia 4500 | ||
|---|---|---|---|
| 001 | |||
| 008 | 160829s9999 xx 000 0 cat d | ||
| 080 | |a Sala Tècnica | ||
| 245 | |a Knosys para Windows : |b base de datos documental = text database | ||
| 260 | |a [Madrid?] : |b Micronet, DL 1996 | ||
| 300 | |a 2 v. ; |c 23 cm | ||
| 590 | |a Versió 1.0. | ||
| 590 | |a Presentació dins d'una capsa de cartó. | ||
| 590 | |a Conté: v.1: Manual de usuario; v.2: Licencia de uso de software | ||
| 650 | |a Bases de dades |x Manuals, guies, etc. |9 39715 | ||
| 650 | |a Informàtica |x Manuals, guies, etc. |9 47786 | ||
| 700 | |a Micronet |9 33359 | ||
| 901 | |a Arxiu | ||
| 942 | |n 1 | ||
| 952 | |0 0 |1 0 |4 0 |6 SALA_TÈCNICA |7 1 |9 49174 |a Arxiu |b Arxiu |d 2016-12-01 |l 0 |o Sala Tècnica |r 2016-12-01 00:00:00 |w 2016-12-01 |y ARXIU | ||
| 952 | |0 0 |1 0 |4 0 |6 PDL |7 1 |9 63830 |a Arxiu |b Arxiu |d 2022-09-07 |l 0 |o PDL |p 26740 |r 2022-09-07 00:00:00 |w 2022-09-07 |y ARXIU | ||
| 999 | |c 53014 |d 53014 | ||